| 000 | 00539nam a2200193 a 4500 | ||
|---|---|---|---|
| 001 | 000025409 | ||
| 005 | 20200930023752.0 | ||
| 008 | 110215s1997 ck r 001 0 spa d | ||
| 020 | _a9589196284 | ||
| 040 |
_aDO-SdBNP _bspa _cBNPHU |
||
| 082 |
_ann* _bnn* |
||
| 100 | 1 |
_aNovi, Vitko. _952012 |
|
| 245 | 1 | 0 |
_aGalaxia -x-9 : _bapu, un mundo sin dinero / _cVitko Novi. |
| 250 | _a2a ed. | ||
| 260 |
_aSantafé de Bogotá : _bSolar, _c1997. |
||
| 300 |
_a267 p. ; _c20 cm. |
||
| 500 | _aLa biblioteca sólo posee el tomo 3. | ||
| 049 | _aBNGR | ||
| 999 |
_c24901 _d24901 |
||